| 000 | 00557nam a22001817a 4500 | ||
|---|---|---|---|
| 003 | 0 | ||
| 005 | 20241015094335.0 | ||
| 008 | 241015b xxu||||| |||| 00| 0 eng d | ||
| 020 | _a9781774697689 | ||
| 050 |
_aHD 30.22 _b.T47 2024 |
||
| 100 |
_aTeshome, Aboneh, _eauthor. |
||
| 245 |
_aManagerial economics / _cAboneh Teshome. |
||
| 260 |
_aBurlington, ON : _bToronto Academic Press, _c2024. |
||
| 300 |
_avii, 219 p. : _bcol. ill. ; _c26 cm. |
||
| 504 | _aIncludes bibliographical references and index. | ||
| 650 | _aMangerial economics. | ||
| 942 |
_2lcc _cBK |
||
| 999 |
_c366546 _d366546 |
||